MARC

LEADER 00000nam0a2200000 4500
001 258762
005 20231101233325.0
010 |a 5713300323 
035 |a (RuTPU)RU\TPU\book\281650 
090 |a 258762 
100 |a 20140428d1988 k y0rusy50 ca 
101 0 |a rus 
102 |a RU 
105 |a a z 001zy 
200 1 |a СССР и страны Персидского залива  |f В. Ю. Гошев 
210 |a Москва  |c Международные отношения  |d 1988 
215 |a 184 с. 
320 |a Библиогр.: с. 177-181. 
606 1 |a Внешняя политика  |x Международные отношения  |y Россия  |2 stltpush  |3 (RuTPU)RU\TPU\subj\68528  |9 83773 
610 1 |a СССР 
610 1 |a азиатские страны 
610 1 |a Персидский залив 
610 1 |a арабские страны 
610 1 |a международные экономические отношения 
610 1 |a Саудовская Аравия 
610 1 |a Кувейт 
610 1 |a ОАЭ 
610 1 |a международная безопасность 
686 |a Ф4(2)9(5)  |v LBC/SL-A  |2 rubbk 
700 1 |a Гошев  |b В. Ю.  |g Виктор Юрьевич 
801 1 |a RU  |b 63413507  |c 20140428 
801 2 |a RU  |b 63413507  |c 20141118  |g RCR 
942 |c BK